| 000 -LEADER |
| fixed length control field |
01336cam a2200325 a 4500 |
| 001 - CONTROL NUMBER |
| control field |
2053343 |
| 003 - CONTROL NUMBER IDENTIFIER |
| control field |
NUST |
| 005 - DATE AND TIME OF LATEST TRANSACTION |
| control field |
20170613122640.0 |
| 008 - FIXED-LENGTH DATA ELEMENTS--GENERAL INFORMATION |
| fixed length control field |
931215s1994 njua b 001 0 eng |
| 010 ## - LIBRARY OF CONGRESS CONTROL NUMBER |
| LC control number |
93048929 |
| 020 ## - INTERNATIONAL STANDARD BOOK NUMBER |
| International Standard Book Number |
089603268X |
| 020 ## - INTERNATIONAL STANDARD BOOK NUMBER |
| International Standard Book Number |
0896032698 (comb) |
| 040 ## - CATALOGING SOURCE |
| Original cataloging agency |
DLC |
| Transcribing agency |
DLC |
| Modifying agency |
DLC |
| 050 00 - LIBRARY OF CONGRESS CALL NUMBER |
| Classification number |
QP551 |
| Item number |
.B268 1994 |
| 082 00 - DEWEY DECIMAL CLASSIFICATION NUMBER |
| Classification number |
574.19245 WAL |
| Edition number |
20 |
| 245 00 - TITLE STATEMENT |
| Title |
Basic protein and peptide protocols / |
| Statement of responsibility, etc. |
Edited by John M. Walker. |
| 260 ## - PUBLICATION, DISTRIBUTION, ETC. |
| Place of publication, distribution, etc. |
Rawalpindi : |
| Name of publisher, distributor, etc. |
National Book Foundation, |
| Date of publication, distribution, etc. |
c1994. |
| 300 ## - PHYSICAL DESCRIPTION |
| Extent |
xii, 490 p. : |
| Other physical details |
ill. ; |
| Dimensions |
23 cm. |
| 490 1# - SERIES STATEMENT |
| Series statement |
Methods in molecular biology ; |
| Volume/sequential designation |
v. 32 |
| 500 ## - GENERAL NOTE |
| General note |
H.B |
| 504 ## - BIBLIOGRAPHY, ETC. NOTE |
| Bibliography, etc. note |
Includes bibliographical references and index. |
| 650 #0 - SUBJECT ADDED ENTRY--TOPICAL TERM |
| Topical term or geographic name entry element |
Proteins |
| General subdivision |
Analysis |
| -- |
Methodology. |
| 9 (RLIN) |
2547 |
| 650 #0 - SUBJECT ADDED ENTRY--TOPICAL TERM |
| Topical term or geographic name entry element |
Peptides |
| General subdivision |
Analysis |
| -- |
Methodology. |
| 9 (RLIN) |
2548 |
| 700 1# - ADDED ENTRY--PERSONAL NAME |
| Personal name |
Walker, John M., |
| Dates associated with a name |
1948- |
| 9 (RLIN) |
2448 |
| 830 #0 - SERIES ADDED ENTRY--UNIFORM TITLE |
| Uniform title |
Methods in molecular biology (Clifton, N.J.) ; |
| Volume/sequential designation |
v. 32. |
| 9 (RLIN) |
2549 |
| 856 42 - ELECTRONIC LOCATION AND ACCESS |
| Materials specified |
Publisher description |
| Uniform Resource Identifier |
<a href="http://www.loc.gov/catdir/enhancements/fy0826/93048929-d.html">http://www.loc.gov/catdir/enhancements/fy0826/93048929-d.html</a> |
| 856 41 - ELECTRONIC LOCATION AND ACCESS |
| Materials specified |
Table of contents only |
| Uniform Resource Identifier |
<a href="http://www.loc.gov/catdir/enhancements/fy0826/93048929-t.html">http://www.loc.gov/catdir/enhancements/fy0826/93048929-t.html</a> |
| 906 ## - LOCAL DATA ELEMENT F, LDF (RLIN) |
| a |
7 |
| b |
cbc |
| c |
orignew |
| d |
1 |
| e |
ocip |
| f |
19 |
| g |
y-gencatlg |
| 942 ## - ADDED ENTRY ELEMENTS (KOHA) |
| Source of classification or shelving scheme |
|
| Koha item type |
Book |
| Call number prefix |
IESE |